000 00221nam a22000857a 4500
008 160705b xxu||||| |||| 00| 0 eng d
100 _92210
_a Gupta, N.L
245 _aA Search for Human Values
260 _aNew Delhi
_bArya
_c2005
999 _c1899
_d1899